| 000 | 00967nac a22002171u 4500 | ||
|---|---|---|---|
| 008 | 100905t xxu||||| |||| 00| 0 eng d | ||
| 010 | _a2004269223 | ||
| 020 | _a0131425730 | ||
| 082 | 0 | 0 |
_a620.0042 _bEAR |
| 100 |
_aEarle, James H. _917967 |
||
| 245 | 1 | 0 |
_aEngineering Design Graphics : _bAutoCAD 2004 / _cJames H. Earle. |
| 250 | _a11th ed. | ||
| 260 |
_aUpper Saddle River, N.J. : _bPearson/Prentice Hall, _cc2004. |
||
| 300 |
_axvi, 752, 48, 14 p. : _bill. ; _c25 cm. |
||
| 500 | _aIncludes index. | ||
| 650 | 0 |
_aEngineering design. _917968 |
|
| 650 | 0 |
_aEngineering graphics. _917969 |
|
| 942 |
_cBB _k620.0042EAR _2ddc |
||
| 999 |
_c780 _d780 |
||